00329nam a2200109Ia 4500008004100000082001600041100001300057245005400070260003700124300001400161500004400175220610s9999 xx 000 0 und d a891.46bBUC aBuch M N aI A S Adhikarache Prashaskiy Aatmvruta (Marathi) aNagpurbNachiket Prakashanc2014 a285 PbPB a"Donated by Nachiket Prakashan, Nagpur"